000 00337nam a2200121Ia 4500
008 220217s9999||||xx |||||||||||||| ||und||
082 _a658.403 8 RIZ
100 _aRizvi, Naheed
245 0 _aGroup process workshop manual
260 _aIndian society for technical edu.
_bNew Delhi
_c1996
300 _b0
650 _aGENERAL BOOKS
999 _c173027
_d173027